Lateinische o-Deklination (neutrum) - Statistiken

Allgemein
  • Dieses Quiz wurde 320 mal gespielt
  • Das Durchschnittsergebnis liegt bei 9 aus 10
Antwortstatistiken
Fall forum % Korrekt
1. forum
100%
2. fori
91%
4. forum
90%
6. foro
88%
3. foris
87%
1. fora
86%
3. foro
86%
4. fora
85%
6. foris
85%
2. fororum
85%
Keine übereinstimmenden Quizze gefunden
Verteilung der Resultate
Anzahl Personen mit jedem Resultat
Perzentil nach korrekt beantworteten Fragen
Ihre Resultats-Entwicklung
Sie haben dieses Quiz noch nicht gespielt